[Event "Ourense Campus 2nd"]
[Site "Ourense"]
[Date "2015.07.06"]
[Round "1.9"]
[White "Feijoo Perez, David"]
[Black "Pazos Porta, Antonio"]
[Result "0-1"]
[WhiteElo "1667"]
[BlackElo "2332"]
[PlyCount "52"]
[EventDate "2015.07.06"]
[EventType "swiss"]
[EventRounds "9"]
[EventCountry "ESP"]
[SourceTitle "EXT 2024"]
[Source "ChessBase"]
[SourceDate "2023.10.10"]
[SourceVersion "1"]
[SourceVersionDate "2023.10.10"]
[SourceQuality "1"]

1. e4 c5 2. Nf3 e6 3. Nc3 a6 4. d4 cxd4 5. Nxd4 Qc7 6. Be2 Nf6 7. 0-0 Nc6 8. Nxc6 bxc6 9. Be3 Rb8 10. Rb1 d5 11. exd5 cxd5 12. Re1 Bd6 13. h3 0-0 14. Bg5 Be5 15. Qd3 Bb7 16. Bf1 Rfc8 17. Nd1 Ne4 18. Bc1 Qxc2 19. Qxc2 Rxc2 20. f3 Bg3 21. Ne3 Rc7 22. Re2 Nd6 23. Bd2 d4 24. Ng4 Bd5 25. Ba5 Rc5 26. b4 Rxa5 0-1